| 000 | 00718cam a2200217 4500 | ||
|---|---|---|---|
| 001 | ABS61704 | ||
| 008 | 000000n1999 000 0 eng u | ||
| 035 | _a(Sirsi) u103188 | ||
| 100 | _aKirkwood, J. | ||
| 245 | _aGet stuck into the web | ||
| 260 | _c1999 | ||
| 490 |
_aEstates Gazette _v (9946) 20 November 1999, 180-181(2) |
||
| 520 | _aProvides a review of software packages for creating and managing web pages. They remove the need for web site consultants and can increase CPD credits. | ||
| 590 | _aABS | ||
| 650 | _aWEB SITES | ||
| 650 | _aWEB PAGES | ||
| 650 | _aWEB AUTHORING TOOLS | ||
| 650 | _aSOFTWARE PACKAGES | ||
| 690 | _aMANAGEMENT-BUSINESS MANAGEMENT-INFORMATION MANAGEMENT | ||
| 942 | _n0 | ||
| 999 |
_c62018 _d62018 |
||